000 00623nam a22001937a 4500
005 20251108163336.0
008 250721s1992 xx 000 0 ara d
082 1 4 _a001.5/بن
100 1 _aبن، ريتشارد
245 1 0 _aتحليل مضمون الإعلام المنهج و التطبيقات العربية :
_bة /
264 1 _aاربد :
_bقدسية للنشروالتوزيع،
_c1992.
300 _a230ص.
650 1 7 _aالإعلام
700 1 _aدونهيو، لويس
700 1 _aثورب، روبرت
700 1 _aالجوهر، محمد ناجي
_eترجمة
942 _2ddc
_cBK
999 _c268
_d268